| 000 | 00854nam a22002417a 4500 | ||
|---|---|---|---|
| 003 | DO-SdBNP | ||
| 005 | 20180122095935.0 | ||
| 008 | 151201b 1990 sp xxu||||| |||| 00| 0 spa d | ||
| 040 |
_aBPMSU _bspa _cBPMSU |
||
| 092 |
_axxxxx _bxxxxx |
||
| 100 | 1 |
_aFabre, Jaume, _d1948- |
|
| 245 | 1 | 0 |
_aDescubrir Ciutat Vella : _b14 itinerarios urbanos / _cJaume Fabre i Fornaguera, Josep Maria Huertas i Clavería, Mercè Tatjer i Mir ; dibujos Carles Guiral i Gutiérrez, Francesc Sandiumenge i Gay |
| 260 |
_aBarcelona : _bAjuntament, _c1990. |
||
| 300 |
_a127 p. : _bil. ; _c21 cm. |
||
| 700 | 1 | 2 |
_aHuertas, Josep María, _d1939-2007. |
| 700 | 1 | 2 | _aTatjer, Mercè |
| 700 | 1 | 2 | _aGuiral i Gutiérrez, Carles |
| 700 | 1 | 2 | _aSandiumenge, Francesc |
| 910 | _a00260 | ||
| 942 |
_2ddc _cBK |
||
| 945 | _ainventariado, 2018 / dg | ||
| 956 |
_aLorenza Pérez _b10 |
||
| 999 |
_c8976 _d8976 |
||